000
00346nam a2200145Ia 4500
003
OSt
005
20240327114027.0
008
170523s9999 xx 000 0 und d
020
_a
978-8195123124
040
_c
IIMT UNIVERSIYTY MEERUT
100
_a
Bimbhra- P.S.
245
0
_a
Power Electronics
260
_a
khanna Publishers
942
_2
ddc
_c
02
999
_c
12548
_d
12548